La enseñanza religiosa en la España de la Restauración (Record no. 5567)

MARC details
000 -LEADER
campo de control de longitud fija 00764nam a2200241 i 4500
001 - NÚMERO DE CONTROL
campo de control 5567
003 - IDENTIFICADOR DE NÚMERO DE CONTROL
campo de control ES-MaACL
005 - FECHA Y HORA DE LA ÚLTIMA TRANSACCIÓN
campo de control 20230906144626.0
008 - DATOS DE LONGITUD FIJA--INFORMACIÓN GENERAL
campo de control de longitud fija 881118s1988 sp a |||| | spa d
020 ## - NÚMERO INTERNACIONAL ESTÁNDAR DEL LIBRO
Número Internacional Estándar del Libro 84-7658-062-2
080 ## - NÚMERO DE LA CLASIFICACIÓN DECIMAL UNIVERSAL
Número de la Clasificación Decimal Universal 37(46)"1900/1920"
080 ## - NÚMERO DE LA CLASIFICACIÓN DECIMAL UNIVERSAL
Número de la Clasificación Decimal Universal 2:37(46)"1900/1920"
100 1# - ENTRADA PRINCIPAL--NOMBRE DE PERSONA
Nombre de persona Yetano, Ana.
9 (RLIN) 117632
245 13 - MENCIÓN DEL TÍTULO
Título La enseñanza religiosa en la España de la Restauración
Resto del título : (1900-1920) /
Mención de responsabilidad, etc. Ana Yetano.
250 ## - MENCION DE EDICION
Mención de edición 1ª ed.
260 ## - PUBLICACIÓN, DISTRIBUCIÓN, ETC.
Lugar de publicación, distribución, etc. Barcelona :
Nombre del editor, distribuidor, etc. Anthropos,
Fecha de publicación, distribución, etc. 1988.
300 ## - DESCRIPCIÓN FÍSICA
Extensión 410 p. :
Otras características físicas il. ;
Dimensiones 20 cm.
490 1# - MENCIÓN DE SERIE
Mención de serie Historia, ideas y textos ;
Designación de volumen o secuencia 14
650 14 - PUNTO DE ACCESO ADICIONAL DE MATERIA--TÉRMINO DE MATERIA
Término de materia o nombre geográfico como elemento de entrada Religión-
Subdivisión general Enseñanza-
Subdivisión geográfica España-
Subdivisión cronológica S.XX.
9 (RLIN) 16798
830 0# - PUNTO DE ACCESO ADICIONAL DE SERIE-TÍTULO UNIFORME
Título uniforme Historia, ideas y textos ;
Designación de volumen o secuencia 14
9 (RLIN) 177280
852 ## - LOCALIZACIÓN
Ubicación ES-MaACL
Número de control de estantería L-12257
Holdings
Estatus retirado Estado de pérdida Estado de daño No para préstamo Biblioteca de origen Biblioteca actual Ubicación en estantería Fecha de adquisición Fuente de adquisición Total de préstamos Signatura topográfica completa Código de barras Visto por última vez Precio de reemplazo Tipo de ítem Koha
        Biblioteca del Ateneo de Madrid Biblioteca del Ateneo de Madrid Depósito 2 17/01/2008     L-12257 1005641 23/02/2023 23/02/2023 Libro impreso